000 00667nam a2200193Ia 4500
003 GCL
008 140319s9999 xx 000 0 ara d
040 _aGCL /
_cGCL
082 0 4 _aق
_b309.962
_bج د
100 1 _aجلال امين
245 1 0 _aالدولة الرخوة فى مصر /
_cجلال امين
300 _a156 ص
490 _aالهيئة العامة للاستعلامات
_v0
650 0 4 _aصندوق النقد الدولى
650 0 4 _aمصر - النظام العالمى الجديد
650 0 4 _aمصر - تاريخ - العصر الحديث (1805 - 1956 )
650 0 4 _aمصر - الاحوال الاجتماعية
942 _2ddc
_cBK
999 _c47915
_d47915